| 000 | 00859nam a2200205 a 4500 | ||
|---|---|---|---|
| 008 | 060316s1982 ||||||||||||||||| || u | ||
| 020 | _a0471057185 | ||
| 050 | _aHF 5415.15 Pes | ||
| 100 | _aPessemier, Edgar A. 1922- | ||
| 245 | 1 | 0 | _aProduct management : strategy and organization. (2nd ed.) |
| 250 | _a2nd ed. | ||
| 260 |
_aNew York : _bJohn Wiley and Sons _c1982 |
||
| 300 | _axix, 668 p. : ill. | ||
| 350 | _a0.00 | ||
| 490 | _aWiley series in marketing | ||
| 500 | _aIncludes bibliographical references | ||
| 650 | _aPRODUCT MANAGEMENT | ||
| 995 |
_aBINDERY (DAMAGED) _D0.00 _e708636 _FCBU-MAIN LIBRARY (Kitwe) _H2 _I35.85 _jHF 5415.15 Pes _M1 _UDAMAGED _y005644 _ZMain Library Open Access Collection |
||
| 995 |
_aBINDERY (DAMAGED) _D0.00 _e728637 _FCBU-MAIN LIBRARY (Kitwe) _H1 _I35.85 _jHF 5415.15 Pes _M2 _UDAMAGED _y005645 _ZMain Library Open Access Collection |
||
| 999 |
_c77224 _d77224 |
||